Puchar Świata - klasyfikacja generalna za sezon 2008/09 - Statystyki

Ogólne statystyki
  • Ten quiz został rozwiązany 72 razy
  • Średni wynik to 65 z 92
Statystyki odpowiedzi
Miejsce Skoczek Narodowość Pkt % Poprawnych
13. Adam Małysz Polska 549
100%
1. Gregor Schlierenzauer Austria 2083
97%
Kamil Stoch Polska 146
97%
2. Simon Ammann Szwajcaria 1776
97%
7. Thomas Morgenstern Austria 795
97%
8. Anders Jacobsen Norwegia 661
95%
11. Andreas Kuttel Szwajcaria 561
95%
5. Dimitriy Vassiliev Rosja 845
95%
6. Martin Schmitt Niemcy 829
95%
15. Noriaki Kasai Japonia 409
95%
3. Wolfgang Loitzl Austria 1396
95%
4. Harri Olli Finlandia 974
94%
9. Martin Koch Austria 601
94%
16. Roman Koudelka Czechy 403
94%
29. Daiki Ito Japonia 193
92%
81. Piotr Żyła Polska 4
92%
36. Andreas Kofler Austria 102
91%
22. Jakub Janda Czechy 279
91%
12. Matti Hautamaeki Finlandia 558
91%
19. Michael Neumayer Niemcy 353
91%
23. Robert Kranjec Słowenia 276
91%
44. Stefan Hula Polska 51
91%
17. Emmanuel Chedal Francja 395
89%
10. Anders Bardal Norwegia 598
88%
34. Bjoern Einar Romoeren Norwegia 113
88%
30. Denis Kornilov Rosja 146
88%
18. Michael Uhrmann Niemcy 354
88%
39. Vincent Descombes Sevoie Francja 75
88%
Jussi Hautamaeki Finlandia 9
86%
14. Ville Larinto Finlandia 541
86%
37. Jernej Damjan Słowenia 99
85%
58. Lukas Hlava Czechy 19
85%
Łukasz Rutkowski Polska 29
85%
Taku Takeuchi Japonia 56
85%
Jan Matura Czechy 10
83%
Marcin Bachleda Polska 3
83%
48. Severin Freund Niemcy 36
83%
35. Shohei Tochimoto Japonia 107
83%
28. Takanobu Okabe Japonia 227
83%
24. Tom Hilde Norwegia 269
82%
Anze Damjan Słowenia 10
80%
Manuel Fettner Austria 10
80%
41. Sebastian Colloredo Włochy 60
80%
42. Pavel Karelin Rosja 56
77%
59. Andreas Wank Niemcy 18
75%
Krzysztof Miętus Polska 9
75%
25. Roar Ljoekelsoey Norwegia 259
75%
20. Johan Remen Evensen Norwegia 334
74%
54. Primoz Pikl Słowenia 24
72%
49. Rafał Śliż Polska 33
72%
33. Yuta Watase Japonia 142
72%
55. Martin Cikl Czechy 23
71%
32. Stephan Hocke Niemcy 145
71%
26. Fumihisa Yumoto Japonia 237
69%
63. Kazuyoshi Funaki Japonia 12
69%
Johan Erikson Szwecja 11
65%
46. Sigurd Pettersen Norwegia 42
65%
38. Ilya Roslakov Rosja 98
62%
47. Primoz Peterka Słowenia 40
62%
40. Vegard-Haukoe Sklett Norwegia 68
60%
45. Felix Schoft Niemcy 50
58%
21. Kalle Keituri Finlandia 293
58%
Nikolay Karpenko Kazachstan 10
58%
75. Maximilian Mechler Niemcy 8
57%
Pascal Bodmer Niemcy 23
57%
Nicolas Fairall Stany Zjednoczone 15
55%
Veli-Matti Lindstroem Finlandia 3
55%
57. Mitija Meznar Słowenia 20
54%
79. Vitaliy Shumbarets Ukraina 6
54%
60. Jure Sinkovec Słowenia 15
52%
Lukas Muller Austria 7
52%
90. Nicolas Mayer Francja 1
52%
64. Tami Kiuru Finlandia 11
52%
50. Kim Rene Elverum Sorsell Norwegia 29
51%
27. Markus Eggenhofer Austria 232
51%
Sami Niemi Finlandia 3
51%
Rok Urbanc Słowenia 9
49%
76. Volodymyr Boshchuk Ukraina 7
49%
87. Anders Johnson Stany Zjednoczone 2
46%
62. Ondrej Vaculik Czechy 14
46%
52. Robert Hrgota Słowenia 26
43%
Hiroki Yamada Japonia 1
42%
66. Yukio Sakano Japonia 10
42%
Andreas Aren Szwecja 1
40%
Juha-Matti Ruuskanen Finlandia 3
38%
82. Oleksandr Lazarovych Ukraina 3
37%
Christian Ulmer Niemcy 7
35%
Erik Simon Niemcy 2
34%
53. Kai Kovaljeff Finlandia 25
34%
80. Daniel Lackner Austria 5
32%
Jon Aaraas Norwegia 2
28%
71. Julian Musiol Niemcy 9
22%
Nie znaleziono quizów pasujących do podanych kryteriów
Rozkład punktacji
Procent ludzi z każdym wynikiem
Percentyl według liczby udzielonych odpowiedzi
Twoja historia wyników
Nie rozwiązałeś tego quizu